Normal view
MARC view
- Employment-Egypt
Entry Topical Term
001 - CONTROL NUMBER
- control field: 2889
003 - CONTROL NUMBER IDENTIFIER
- control field: JO-AjAnu
005 - DATE AND TIME OF LATEST TRANSACTION
- control field: 20230606070757.0
008 - FIXED-LENGTH DATA ELEMENTS
- fixed length control field: 230606|| aca||aabn | a|a d
040 ## - CATALOGING SOURCE
- Original cataloging agency: JO-AjAnu
- Transcribing agency: JO-AjAnu
150 ## - HEADING--TOPICAL TERM
- Topical term or geographic name entry element: Employment-Egypt
670 ## - SOURCE DATA FOUND
- Source citation: Work cat.: (JO-AjAnu)1513: Hansen,Bent/Samir Radwan, author 2888, Employment opportunities and equity in a changing economy:Egypt in the 1980 , A labour marketn approach